000 00674cam a22002172 4500
001 0000021490
005 20151217152232.0
008 120613s xx 000 0 eng d
020 _a0199569830 :
040 _aKABU
_cKABU
100 1 _aDownes, David.
_@0000178770
245 1 0 _aUnderstanding deviance :
_ba guide to the sociology of crime and rule-making /
_cDavid Downes and Paul Rock.
250 _a6th ed.
260 _aOxford :
_bO. U. P.,
_c2011.
300 _axii, 409 p.
650 0 _aDeviant behavior.
_@0000177622
700 1 _aRock, Paul.
_@0000178771
852 1 _9p3370 KES
908 _a120613
950 _@1
999 _c9692
_d9692